000 00377nam a2200145Ia 4500
008 231129s2007||||xx |||||||||||||| ||spa||
020 _a978-958-30-2638-6
040 _bspa
082 _aCo863.6 J95c
100 _aJunieles John J.
245 0 _aCon la luz que me queda basta
260 _c2007
264 _aPanamericana
942 _2ddc
_cBKS
999 _c7824
_d7824